Carrera: su vida, sus vicisitudes, su época

Saved in:
Bibliographic Details
Main Author: Reyno Gutiérrez, Manuel (Author)
Format: Book
Language:Spanish
Published: Santiago Nacional Quimantu 1973
Edition:1a. ed
Series:Figuras de América
Chilena
Subjects:
Tags: Add Tag
No Tags, Be the first to tag this record!

MARC

LEADER 00000nam a2200000 a 4500
001 UCG3988
003 CL-VaPUC
008 101004e19730000CL |||||||||||||||||spa|d
082 0 4 |a 923.5  |b REY  |2 21 
100 0 |a Reyno Gutiérrez, Manuel  |e author  |9 553272 
245 1 0 |a Carrera: su vida, sus vicisitudes, su época 
250 |a 1a. ed 
300 |a 461 p 
942 |c BK 
945 |d 20101004 00:00:00  |a mfarfan 
260 |a Santiago  |b Nacional Quimantu  |c 1973 
600 0 |a Carrera, José Miguel  |9 316043 
650 0 |a Biografías  |9 255210 
650 7 |a CAUDILLOS  |2 CL-VaPUC  |9 406764 
650 0 |a Militares   |9 336881 
583 |a last modification  |c 20101004 00:00:00  |k Rodrigo Vera 
490 0 |a Figuras de América 
490 0 |a Chilena 
999 |c 342897  |d 342895 
952 |0 0  |1 0  |4 0  |6 923_500000000000000_REY_1973  |7 0  |8 A  |9 439589  |a BIBHIS  |b BIBHIS  |d 2019-11-22  |i 472271K  |o 923.5 REY 1973  |p 472271K  |r 2025-01-20  |w 2019-11-22  |y BK  |k HIS